Представление документа в формате MARC21

ПолеНазваниеЗначение
  Тип записи a
  Библиографический уровень m
001 Контрольный номер RU\infra-m\znanium\bibl\2236876
005 Дата корректировки 20260429142123.1
008 Кодируемые данные 260120s2025 RU g rus u
020 Индекс ISBN __
a ISBN 978-5-9614-9095-4
040 Источник каталогиз. __
a Служба первич. каталог. Общество с ограниченной ответственностью «ЗНАНИУМ»
041 Код языка издания __
a Код языка текста rus
044 Код страны публикации __
a Код страны публикации RU
080 Индекс УДК __
a Индекс УДК 929
084 Индекс другой классификации/Индекс ББК __
2 Источник индекса rubbk
a Индекс другой классификации/Индекс ББК 28
100 Автор __
a Автор Востоков С.
q Полное имя Востоков Станислав
245 Заглавие __
a Заглавие Чему я могу научиться у Николая Дроздова
b Продолж. заглавия Научно-популярная литература
250 Сведения об издании __
a Основные сведения об издании 1
260 Выходные данные __
a Место издания Москва
b Издательство ООО "Альпина Паблишер"
c Дата издания 2026
300 Физическое описание __
a Объем 48 с.
440 Серия __
a Серия Уроки из жизни
520 Аннотация __
a Аннотация Все мы знаем Николая Николаевича Дроздова — любимого ведущего телепередачи «В мире животных». Несколько поколений зрителей увидели самые удивительные уголки мира и их экзотических обитателей его глазами. А с какой теплотой Николай Николаевич рассказывает о животных даже не самых симпатичных! Его искренняя увлечённость наукой гуманизм и невероятное обаяние позволили по-новому взглянуть на работу учёного и каждый раз снова и снова восхищаться нашей планетой и представителями её фауны. Эта краткая иллюстрированная биография расскажет о том как Николай Николаевич стал заниматься наукой несмотря на ряд сложностей почему оказался на телевидении и кем же сам себя считает: учёным или телеведущим. А ещё поможет понять почему важно бережно и внимательно относиться к природе и всем её обитателям: от человека до крошечной букашки. Для детей от 6 лет.
521 Примеч. о цел. назн. __
a Примеч. о целев. назн. Дополнительное образование детей
650 Тематические рубрики __
a Основная рубрика Художественная литература. Досуг
x Основная подрубрика Детская научно-популярная и справочная литература
655 Указ. предметных рубрик (устаревшее) __
a Жанр/ форма (устаревшее) Научно-популярная литература
856 Электронный адрес документа 4_
a Имя сервера/домена znanium.ru
m Помощь ebs_support@infra-m.ru
n Местонахождение сервера НИЦ ИНФРА-М
u URL https://znanium.ru/catalog/document?id=474649
856 Электронный адрес документа 48
a Имя сервера/домена znanium.ru
d Путь /cover/2236
f Электронное имя 2236876.jpg
q Тип электронного формата image/jpeg
u URL https://znanium.ru/cover/2236/2236876.jpg
911 __
u 0030=https://znanium.ru/catalog/document?id=474649